| 000 | 01040cam a22002651i 4500 | ||
|---|---|---|---|
| 003 | SA-RiAUC | ||
| 005 | 20250713134920.0 | ||
| 008 | 250711s2013____le g 000 0 ara c | ||
| 020 | _a9786144043448 | ||
| 040 |
_aSA-RiKAPL _bara _cSA-RiAUC _dKAC _erda |
||
| 082 | 0 | 4 |
_a320.2 _qSA-RiAUC |
| 090 |
_a320.2 _bم ي ل |
||
| 100 | 1 |
_aالميلاد، زكي عبد الله أحمد، _d1385 هجري- _eمؤلف. |
|
| 245 | 1 | 0 |
_aنحن والعالم من أجل تجديد رؤيتنا إلى العالم / _cزكي الميلاد. |
| 250 | _aالطبعة الأولى. | ||
| 264 | 1 |
_aبيروت : _aأبها، السعودية : _bالانتشار العربي ؛ _bنادي أبها الأدبي، _c2013. |
|
| 300 |
_a375 صفحة ؛ _c21 سم |
||
| 336 |
_aنص _btxt _2rdacontent _3كتاب |
||
| 337 |
_aبدون وسيط _bn _2rdamedia |
||
| 338 |
_aمجلد _bnc _2rdacarrier |
||
| 650 | 7 |
_aالسياسة الدولية _2aucsh |
|
| 650 | 7 |
_aالعولمة _2aucsh |
|
| 942 |
_2ddc _cBOOK _n0 |
||
| 949 |
_aSA-JeALM _d250711 _uosman123 _n1 |
||
| 999 |
_c9887 _d9887 |
||